Państwa Europy w 90 sekund - Statystyki

Ogólne statystyki
  • Ten quiz został rozwiązany 164 razy
  • Średni wynik to 34 z 45
Odpowiedzi na mapie
Odpowiedzi zakodowano w zielono-czerwonej skali na mapie do tego quizu, zgodnie z poniższymi procentami.
 
Statystyki odpowiedzi
Państwa % Poprawnych
Polska
98%
Szwecja
95%
Niemcy
93%
Rosja
93%
Czechy
90%
Włochy
90%
Francja
88%
Litwa
88%
Islandia
85%
Slowacja
85%
Wielka Brytania
85%
Austria
83%
Belgia
83%
Finlandia
83%
Hiszpania
83%
Holandia
83%
Irlandia
83%
Lotwa
83%
Norwegia
83%
Ukraina
83%
Dania
80%
Estonia
80%
Białoruś
78%
Portugalia
78%
Rumunia
78%
Andora
76%
Slowenia
76%
Szwajcaria
76%
Kosowo
71%
Węgry
71%
Albania
68%
Chorwacja
68%
Luksemburg
68%
Serbia
66%
Bułgaria
63%
Liechtenstein
63%
Malta
63%
Monako
63%
Bośnia i Hercegowina
61%
Watykan
61%
Czarnogóra
59%
Grecja
59%
Moldawia
59%
San Marino
59%
Macedonia Północna
56%
Nie znaleziono quizów pasujących do podanych kryteriów
Rozkład punktacji
Procent ludzi z każdym wynikiem
Percentyl według liczby udzielonych odpowiedzi
Twoja historia wyników
Nie rozwiązałeś tego quizu